logo

Bir Sreshtho Munshi Abdur Rouf Library
Jhenaidah Cadet College

প্রাণের উৎস / (Record no. 7526)

MARC details
000 -LEADER
fixed length control field 00751nam a2200241 a 4500
001 - CONTROL NUMBER
JCCL Control Number 7526
003 - CONTROL NUMBER IDENTIFIER
JCCL marc code BD-JhCC
005 - DATE AND TIME OF LATEST TRANSACTION
control field 20180217182341.0
008 - FIXED-LENGTH DATA ELEMENTS--GENERAL INFORMATION
fixed length control field 171101s1975 bg |||| ||a| 000 0 ben d
035 ## - SYSTEM CONTROL NUMBER
system control number (BD-JhCC) 7526
040 ## - CATALOGING SOURCE
Original cataloging agency BD-JhCC
Modifying agency BD-JhCC
041 ## - LANGUAGE CODE
Language code of Book ben
082 ## - DEWEY DECIMAL CLASSIFICATION NUMBER
Classification number 577
Author mark and Year ASI 1975
100 ## - MAIN ENTRY--PERSONAL NAME
Personal name আইজাক, আসিমভ
245 ## - TITLE STATEMENT
Title প্রাণের উৎস /
Statement of responsibility, etc আসিমভ আইজাক; সাদেক আলী (অনুবাদ)
260 ## - PUBLICATION, DISTRIBUTION, ETC. (IMPRINT)
Place of publication, distribution, etc ঢাকা :
Name of publisher, distributor, etc বাংলা একাডেমী,
Date of publication, distribution, etc 1975.
300 ## - PHYSICAL DESCRIPTION
Pagination 260p .:
Dimensions 22 cm.
650 ## - SUBJECT ADDED ENTRY--TOPICAL TERM
Topical term or geographic name as entry element Life
General subdivision Biography
650 ## - SUBJECT ADDED ENTRY--TOPICAL TERM
Topical term or geographic name as entry element Evolution (Biography)
700 ## - ADDED ENTRY--PERSONAL NAME
Personal name আলী, সাদেক
942 ## - ADDED ENTRY ELEMENTS (KOHA)
Source of classification or shelving scheme Dewey Decimal Classification
Koha item type Books
Holdings
Source of classification or shelving scheme Damaged status Not for loan Home library Current library Shelving location Date of accession Cost, normal purchase price Total Checkouts Full call number Barcode Date last seen Copy number Koha item type
Dewey Decimal Classification     JCC Rouf Library JCC Rouf Library General Stacks 02/11/2018 15.00   577 ASI 1975 8616 02/11/2018 C-1 Books
Dewey Decimal Classification     JCC Rouf Library JCC Rouf Library General Stacks 02/13/2018 15.50   577 ASI 1975 10237 02/13/2018 C-1 Books

JCC Library | Contacts | JCC Home

Last Update on 23 September 2017
Copyright @ 2017-2020 JCC Rouf Library
Rouf Library, Jhenidah Cadet College (JCC), Bangladesh